Dokáže Evropská unie zaujmout společný postoj vůči Ukrajině?
Dohoda o obchode a spolupráci z roku 1989 medzi Európskymi spoločenstvami a bývalým Sovietskym zväzom - právny základ vzťahov medzi EÚ a Ukrajinou. Vzájomné vzťahy medzi EÚ a Ukrajinou ovplyvnené rozširovaním EÚ a búrlivým vnútropolitickým vývojom v Ukrajine. Cieľ politiky Ukrajiny voči Únii - snaha...
Gespeichert in:
| 1. Verfasser: | |
|---|---|
| Weitere Verfasser: | |
| Format: | Buchkapitel |
| Sprache: | Tschechisch |
| Schlagworte: | |
| Tags: |
Keine Tags, Fügen Sie das erste Tag hinzu!
|
MARC
| LEADER | 00000naa$a2200000$$$4500 | ||
|---|---|---|---|
| 001 | 0087031 | ||
| 005 | 20231016093331.6 | ||
| 041 | 0 | |a cze | |
| 044 | |a CZ | ||
| 245 | 1 | 0 | |a Dokáže Evropská unie zaujmout společný postoj vůči Ukrajině? |c Petra Cibulková, Petr Kratochvil |
| 520 | |a Dohoda o obchode a spolupráci z roku 1989 medzi Európskymi spoločenstvami a bývalým Sovietskym zväzom - právny základ vzťahov medzi EÚ a Ukrajinou. Vzájomné vzťahy medzi EÚ a Ukrajinou ovplyvnené rozširovaním EÚ a búrlivým vnútropolitickým vývojom v Ukrajine. Cieľ politiky Ukrajiny voči Únii - snaha o členstvo. Postoj jednotlivých členských štátov k otázke členstva Ukrajiny v EÚ. Pohľad nemeckých, britských a francúzskych médií. | ||
| 610 | 2 | 0 | |a Európska únia |
| 610 | 2 | 0 | |a spolupráca hospodárska medzinárodná |
| 610 | 2 | 0 | |a integrácia |
| 610 | 2 | 0 | |a politika zahraničná |
| 610 | 2 | 0 | |a politika medzinárodná |
| 610 | 2 | 0 | |a vzťahy medzinárodné |
| 610 | 2 | 0 | |a Ukrajina |
| 610 | 2 | 0 | |a médiá |
| 100 | 1 | |a Cibulková, Petra | |
| 700 | 1 | |a Kratochvil, Petr | |